000 00747nam a2200217Ii 4500
003 JO-AjNU
008 230605s9999||||xx |||||||||||||| ||und||
020 _a9953-36-607-9
040 _aJO-AjNU
_bara
_erda
_cJO-AjNU
041 _aara
050 1 4 _aDS79.6.A43.A3 2004
100 3 _aتقديم ومراجعة العابد، صالح محمد,
_eauthor
_914708
245 0 0 _aمذكرات تحسين علي 1890-1970
250 _aط1
264 3 1 _aبيروت: المؤسسة العربية للدراسات والنشر، 2004
300 _a219ص
_bصور فوتوغرافية
336 _atext
_btxt
_2rdacontent
337 _aunmediated
_bn
_2rdamedia
338 _avolume
_bnc
_2rdacarrier
650 4 _aتحسين علي - تراجم
_914709
999 _aA3986
_c7554
_d7554